Statistics for Every NHL Team Ever

Click here to take the quiz!

General Stats

  • This quiz has been taken 29 times
    (28 since last reset)
  • The average score is 44 of 61

Answer Stats

Answer% Correct
Atlanta Flames
93%
Boston Bruins
93%
Calgary Flames
93%
Colorado Avalanche
93%
Columbus Blue Jackets
93%
Edmonton Oilers
93%
Montreal Canadiens
93%
New York Islanders
93%
New York Rangers
93%
Ottawa Senators (1917)
93%
Ottawa Senators (1992)
93%
Philadelphia Flyers
93%
Pittsburgh Penguins
93%
Toronto Maple Leafs
93%
Vancouver Canucks
93%
Arizona Coyotes
87%
Chicago Blackhawks
87%
Dallas Stars
87%
Detroit Red Wings
87%
Los Angeles Kings
87%
Minnesota North Stars
87%
Minnesota Wild
87%
Phoenix Coyotes
87%
Seattle Kraken
87%
St. Louis Blues
87%
Vegas Golden Knights
87%
Winnipeg Jets (1979)
87%
Winnipeg Jets (2011)
87%
Anaheim Ducks
80%
Atlanta Thrashers
80%
Carolina Hurricanes
80%
Florida Panthers
80%
Hartford Whalers
80%
Nashville Predators
80%
San Jose Sharks
80%
Tampa Bay Lightning
80%
Washington Capitals
80%
Buffalo Sabres
73%
New Jersey Devils
73%
Quebec Nordiques
67%
California Golden Seals
60%
Bay Arena Seals
53%
Brooklyn Americans
53%
California Seals
53%
Colorado Rockies
53%
Hamilton Tigers
53%
Kansas City Scouts
53%
New York Americans
53%
Oakland Seals
53%
Toronto St. Patricks
53%
Montreal Maroons
47%
Pittsburgh Pirates
47%
Cleveland Barons
40%
Detroit Cougars
40%
Detroit Falcons
40%
Montreal Wanderers
40%
Toronto Arenas
40%
Philadelphia Quakers
33%
Quebec Bulldogs
33%
St. Louis Eagles
33%
Mighty Ducks of Anaheim
20%

Score Distribution

Percentile by Number Answered

Percent of People with Each Score

Your Score History

You have not taken this quiz since the last reset